| 000 | 00365pab a2200157 454500 | ||
|---|---|---|---|
| 008 | 180718b2000 xxu||||| |||| 00| 0 eng d | ||
| 100 | _aMehra, Ajay K. | ||
| 245 | _aReviewing the constitution | ||
| 260 | _c2000 | ||
| 300 | _ap.13-16 | ||
| 362 | _a29 Jan | ||
| 650 | _aIndia - Constitution | ||
| 650 | _aConstitutions | ||
| 773 | _aMainstream | ||
| 909 | _a43707 | ||
| 999 |
_c43707 _d43707 |
||